LEADER 00834nam0-22002771i-450- 001 990001614410403321 005 20080409145349.0 035 $a000161441 035 $aFED01000161441 035 $a(Aleph)000161441FED01 035 $a000161441 100 $a20030910d1905----km-y0itay50------ba 101 0 $aita 200 1 $a<>scritture metodiche della ragioneria generale delllo Stato$fGiovanni Rossi 210 $aReggio nell'Emilia$cs.e.$d1905 215 $a75 p.$d34 cm 610 0 $aContabilità di Stato 676 $a353.007 2 700 1$aRossi,$bGiovanni$f<1845-1921>$0307541 801 0$aIT$bUNINA$gRICA$2UNIMARC 901 $aBK 912 $a990001614410403321 952 $a60 517 A 1$b3356$fFAGBC 959 $aFAGBC 996 $aScritture metodiche della ragioneria generale delllo Stato$9369125 997 $aUNINA LEADER 01041nam--2200373---450- 001 990002754550203316 005 20060613101317.0 010 $a0-521-00311-3 035 $a000275455 035 $aUSA01000275455 035 $a(ALEPH)000275455USA01 035 $a000275455 100 $a20060613d2001----km-y0itay0103----ba 101 $aeng 102 $aUS 105 $a||||||||001yy 200 1 $a<> theory of case-based decisions$fby Itzhak Gilboa and David Schmeidler 210 $aCambridge$cCambridge university press$d2001 215 $aX, 199 p.$d21 cm 410 0$12001 454 1$12001 461 1$1001-------$12001 606 0 $aGestione finanziaria$xaziende 676 $a658.403 700 1$aGILBOA,$bItzhak$0478597 701 1$aSCHMEIDLER,$bDavid$0147169 801 0$aIT$bsalbc$gISBD 912 $a990002754550203316 951 $aP09 334$bDISTRA 959 $aBK 969 $aDISTRA 979 $aDISTRA1$b90$c20060613$lUSA01$h1013 996 $aTheory of case-based decisions$9717659 997 $aUNISA LEADER 01137nam--2200373---450- 001 990003089280203316 005 20080331143614.0 035 $a000308928 035 $aUSA01000308928 035 $a(ALEPH)000308928USA01 035 $a000308928 100 $a20080331d1995----km-y0itay50------ba 101 $aita 102 $aIT 105 $a||||||||001yy 200 1 $aFiabe di mare e di terra$enarrativa popolare dell'isola d'Ischia$fa cura di Ugo Vuoso 210 $aCasamicciola$cValentino$dcopyr. 1995 215 $a127 p.$d21 cm 225 2 $aStudi e ricerche$v1 300 $aIn testa al front.: Pubblicazioni del Ceic, Centro Etnografico Campano Istituto di studi storici e antropologici 410 0$12001$aStudi e ricerche$v1 454 1$12001 461 1$1001-------$12001 606 0 $aFiabe campane$yIschia$xAntologie 676 $a398.209 702 1$aVUOSO,$bUgo 801 0$aIT$bsalbc$gISBD 912 $a990003089280203316 951 $aO652$b7288 DBC$cO652 959 $aBK 969 $aDBC 979 $aDBC$b90$c20080331$lUSA01$h1436 996 $aFiabe di mare e di terra$9552383 997 $aUNISA